MARC details
| 000 -LEADER |
| fixed length control field |
01000nam a22002057a 4500 |
| 003 - CONTROL NUMBER IDENTIFIER |
| control field |
OSt |
| 005 - DATE AND TIME OF LATEST TRANSACTION |
| control field |
20250910091010.0 |
| 008 - FIXED-LENGTH DATA ELEMENTS--GENERAL INFORMATION |
| fixed length control field |
240226b ||||| |||| 00| 0 eng d |
| 040 ## - CATALOGING SOURCE |
| Transcribing agency |
0 |
| 082 ## - DEWEY DECIMAL CLASSIFICATION NUMBER |
| Classification number |
DPer 621.317 Ie21 June 2022 v. 37 n. 6 |
| 100 ## - MAIN ENTRY--PERSONAL NAME |
| Personal name |
dos Santos, Niwton Gabriel Feliciani. |
| Relator term |
author. |
| 9 (RLIN) |
53318 |
| 245 ## - TITLE STATEMENT |
| Title |
A two-switch forward partial power converter for step-up/down string PV systems / |
| Statement of responsibility, etc. |
Niwton Gabriel Feliciani dos Santos, Jonatan Rafael Rakoski Zientarski, and Mario Lucio da Silva Martins. |
| 260 ## - PUBLICATION, DISTRIBUTION, ETC. (IMPRINT) |
| Place of publication, distribution, etc. |
New York ; |
| Name of publisher, distributor, etc. |
The Institute of Electrical and Electronics Engineers, Inc. , |
| Date of publication, distribution, etc. |
June 2022. |
| 300 ## - PHYSICAL DESCRIPTION |
| Extent |
Volume 37, pages 6247-6252 : |
| Other physical details |
illustration ; |
| Dimensions |
29 cm. |
| 500 ## - GENERAL NOTE |
| General note |
IEEE Transactions on Power Electronics, vol. 37, no. 6, pages 6247-6252, June 2022. |
| 700 ## - ADDED ENTRY--PERSONAL NAME |
| Personal name |
dos Santos, Niwton Gabriel Feliciani. |
| Relator term |
author. |
| 9 (RLIN) |
53318 |
| 700 ## - ADDED ENTRY--PERSONAL NAME |
| Personal name |
Zientarski, Jonatan Rafael Rakoski. |
| Relator term |
author. |
| 9 (RLIN) |
53319 |
| 700 ## - ADDED ENTRY--PERSONAL NAME |
| Personal name |
da Silva Martins, Mario Luci. |
| Relator term |
author. |
| 9 (RLIN) |
53320 |
| 942 ## - ADDED ENTRY ELEMENTS (KOHA) |
| Source of classification or shelving scheme |
Dewey Decimal Classification |
| Koha item type |
Periodicals |